<?xml version="1.0" encoding="UTF-8"?>
<marc:record xmlns:marc="http://www.loc.gov/MARC21/slim">
   <marc:leader>00000nam a2200000 a 4500</marc:leader>
   <marc:datafield ind1="1" ind2=" " tag="100">
      <marc:subfield code="a">Blyton, Enid</marc:subfield>
      <marc:subfield code="4">aut</marc:subfield>
      <marc:subfield code="e">Verfasser/-in</marc:subfield>
   </marc:datafield>
   <marc:datafield ind1="0" ind2="0" tag="245">
      <marc:subfield code="a">Fünf Freunde beim Wanderzirkus</marc:subfield>
   </marc:datafield>
   <marc:datafield ind1="0" ind2="0" tag="245">
      <marc:subfield code="b">Die original 70er Jahre TV-Serie; Vier spannende Episoden</marc:subfield>
   </marc:datafield>
   <marc:datafield ind1=" " ind2="1" tag="264">
      <marc:subfield code="b">moviemax</marc:subfield>
      <marc:subfield code="c">2012</marc:subfield>
   </marc:datafield>
   <marc:datafield ind1="1" ind2=" " tag="520">
      <marc:subfield code="a">5 Freunde beim Wanderzirkus - 5 Freunde im Zeltlager - 5 Freunde im Zeltlager (2) - 
5 Freunde auf großer Fahrt

Die "Fünf Freunde" sind zurück! Kommen Sie mit und erleben Sie spannende Abenteuer mit Julian, Dick, Anne, George und ihrem Hund, Timmy. Erinnerungen werden wach an die "Fünf", als sie den Jungen Nobby vom Zirkus treffen, Tiger Dan und den Akrobaten Lou. Im Zeltlager mit Mr Luffy entdecken die "Fünf Freunde" einen verlassenen Güterbahnhof und Geisterzüge, und auf großer Fahrt finden die berühmten Freunde einen Schatz und kommen dabei Verbrechern in die Quere. Was auch passiert, die "Fünf" sind ein klasse Team und halten immer zusammen. Und wer kennt sie nicht, die Titelmelodie der Kultserie: "Wann immer sich ein Abenteuer lohnt! Angst und Schrecken kennen wir nicht, denn das sind wir gewohnt!..." Vier Folgen der Original-TV-Serie, nach den gleichnamigen Büchern von Enid Blyton, auf dieser DVD.

</marc:subfield>
   </marc:datafield>
</marc:record>
